| 000 | 00901nam a2200253 i 4500 | ||
|---|---|---|---|
| 001 | 88916 | ||
| 003 | ES-MaACL | ||
| 005 | 20250817062551.0 | ||
| 007 | t| | ||
| 008 | 041228s2000 sp ||||1| spa d | ||
| 020 | _a84-7075-488-2 | ||
| 080 | _a74.036.7(083.824) | ||
| 080 | _a75.036.7(083.824) | ||
| 110 | 2 |
_aMetropolitan Museum of Art. _95692 |
|
| 245 | 1 | 0 |
_aExpresionismo abstracto : _bobra sobre papel : colección The Metropolitan Museum of Art, Nueva York : [exposición] Fundación Juan March, 9 mayo-2 julio, 2000. |
| 260 |
_a[Madrid] : _bFundación Juan March : _bEditorial de Arte y Ciencia, _c[2000] |
||
| 300 |
_a159 p. : _bil. col. ; _c29 cm. |
||
| 650 | 4 |
_aExpresionismo (Arte)- _vExposiciones. _912702 |
|
| 655 | 7 |
_2tgfbne _9193628 _aCatálogos de exposiciones |
|
| 710 | 2 |
_aFundación Juan March _94346 |
|
| 852 |
_aES-MaACL _jE-10753 |
||
| 942 | _2udc | ||
| 999 |
_c88916 _d88916 |
||